Normal view
MARC view
- Andrews,John
Entry Personal Name
001 - CONTROL NUMBER
- control field: 6330
003 - CONTROL NUMBER IDENTIFIER
- control field: OSt
005 - DATE AND TIME OF LATEST TRANSACTION
- control field: 20241029150929.0
008 - FIXED-LENGTH DATA ELEMENTS
- fixed length control field: 241029|| aca||aabn | a|a d
040 ## - CATALOGING SOURCE
- Original cataloging agency: OSt
- Transcribing agency: OSt
100 ## - HEADING--PERSONAL NAME
- Personal name: Andrews,John
- Personal name: Jelley,Nick
670 ## - SOURCE DATA FOUND
- Source citation: Work cat.: (OSt)14282: Andrews,John Jelley,Nick, energy science :princples, technologies, and impacts, 2011
